000 00694nam a2200205 i 4500
001 43245
003 ES-MaACL
005 20250603171454.0
007 t|
008 030317s1801 sp ||||1| spa d
245 0 0 _aCenso de la población de España de el año 1797
_b: executado de orden del Rey en el de 1801.
260 _aMadrid :
_b[s.n.],
_c1801.
300 _a3 h. + XLVI ff. [plegados] + 1 h. + 1 lám., al fin ;
_c39 cm.
500 _aPort. grab. por Manuel Albuerne.
594 _aTít. de la v. port.: Censo de Godoy 1797.
651 7 _aEspaña-
_xCensos
_2
_9155755
740 0 _aCenso de Godoy 1797.
852 _aES-MaACL
_jR-2553
_xOlim: G-4416
999 _c43245
_d43245